Best Selling Rap Artists of All Time - Statistics

General Stats
  • This quiz has been taken 220 times
  • The average score is 6 of 10
Answer Stats
Albums sold Answer % Correct
227M Eminem
95%
140M Kanye West (Ye)
84%
152M Drake
82%
125M Jay-Z
78%
75M Tupac
73%
40M Snoop Dogg
64%
110M Lil Wayne
59%
106M Nicki Minaj
42%
34M DMX
18%
102M Flo Rida
10%
No matching quizzes found
Score Distribution
Percent of People with Each Score
Percentile by Number Answered
Your Score History
You have not taken this quiz